<?xml version="1.0" encoding="UTF-8"?><record xmlns="http://www.loc.gov/MARC21/slim" xmlns:zs="http://docs.oasis-open.org/ns/search-ws/sruResponse">
  <leader>01239cz  a2200217n  4500</leader>
  <controlfield tag="001">n  84804871 </controlfield>
  <controlfield tag="003">DLC</controlfield>
  <controlfield tag="005">20130313085045.0</controlfield>
  <controlfield tag="008">840928n| azannaab|          |a aaa     c</controlfield>
  <datafield ind1=" " ind2=" " tag="010">
    <subfield code="a">n  84804871 </subfield>
  </datafield>
  <datafield ind1=" " ind2=" " tag="040">
    <subfield code="a">MH</subfield>
    <subfield code="b">eng</subfield>
    <subfield code="e">rda</subfield>
    <subfield code="c">MH</subfield>
    <subfield code="d">MH</subfield>
    <subfield code="d">Uk</subfield>
    <subfield code="d">DLC</subfield>
  </datafield>
  <datafield ind1=" " ind2=" " tag="046">
    <subfield code="f">1640~</subfield>
    <subfield code="g">1727~</subfield>
    <subfield code="2">edtf</subfield>
  </datafield>
  <datafield ind1="1" ind2=" " tag="100">
    <subfield code="a">Kramer, Matthias,</subfield>
    <subfield code="d">approximately 1640-approximately 1727</subfield>
  </datafield>
  <datafield ind1="1" ind2=" " tag="400">
    <subfield code="a">Cramer, Matthias,</subfield>
    <subfield code="d">approximately 1640-approximately 1727</subfield>
  </datafield>
  <datafield ind1="1" ind2=" " tag="400">
    <subfield code="a">Cramero, Mattia,</subfield>
    <subfield code="d">approximately 1640-approximately 1727</subfield>
  </datafield>
  <datafield ind1="1" ind2=" " tag="400">
    <subfield code="a">Kramer, M.</subfield>
    <subfield code="q">(Matthias),</subfield>
    <subfield code="d">approximately 1640-approximately 1727</subfield>
  </datafield>
  <datafield ind1="1" ind2=" " tag="400">
    <subfield code="a">Krämer, Matthiä,</subfield>
    <subfield code="d">approximately 1640-approximately 1727</subfield>
  </datafield>
  <datafield ind1="1" ind2=" " tag="400">
    <subfield code="w">nnea</subfield>
    <subfield code="a">Kramer, Matthias,</subfield>
    <subfield code="d">ca. 1640-ca. 1727</subfield>
  </datafield>
  <datafield ind1=" " ind2=" " tag="670">
    <subfield code="a">His Das herrlich-grosse teutsch-italiänische Dictionarium, 1982:</subfield>
    <subfield code="b">v. 1, t.p. (Matthias Kramer) added t.p. (Mattia Cramero) Einführung (b. Cologne ca. 1640, member Preussische Societät der Wissenschaften, linguist, wrote many dictionaries)</subfield>
  </datafield>
  <datafield ind1=" " ind2=" " tag="670">
    <subfield code="a">NUC, pre-1956</subfield>
    <subfield code="b">(hdg.: Kramer, Matthias, fl. 1672-1727; usage: Matthias Kramer, Matthiä Krämer, M. Kramer, Mattia Cramero, Matthias Cramer)</subfield>
  </datafield>
  <datafield ind1=" " ind2=" " tag="670">
    <subfield code="a">Deut. Lit. Lex., v. 9, c1984</subfield>
    <subfield code="b">(Kramer (Krämer), Matthias; b. ca. 1640 in Cologne; d. ca. 1727/30 in Erlangen)</subfield>
  </datafield>
</record>
